<?xml version="1.0" encoding="UTF-8"?><?xml-stylesheet type="text/xsl" href="static/style.xsl"?><OAI-PMH xmlns="http://www.openarchives.org/OAI/2.0/" xmlns:xsi="http://www.w3.org/2001/XMLSchema-instance" xsi:schemaLocation="http://www.openarchives.org/OAI/2.0/ http://www.openarchives.org/OAI/2.0/OAI-PMH.xsd"><responseDate>2026-04-27T07:53:35Z</responseDate><request verb="GetRecord" identifier="oai:repisalud.isciii.es:20.500.12105/15575" metadataPrefix="marc">https://repisalud.isciii.es/rest/oai/request</request><GetRecord><record><header><identifier>oai:repisalud.isciii.es:20.500.12105/15575</identifier><datestamp>2025-03-14T11:31:04Z</datestamp><setSpec>com_20.500.12105_2203</setSpec><setSpec>com_20.500.12105_2202</setSpec><setSpec>col_20.500.12105_19585</setSpec></header><metadata><record xmlns="http://www.loc.gov/MARC21/slim" xmlns:dcterms="http://purl.org/dc/terms/" xmlns:doc="http://www.lyncode.com/xoai" xmlns:xsi="http://www.w3.org/2001/XMLSchema-instance" xsi:schemaLocation="http://www.loc.gov/MARC21/slim http://www.loc.gov/standards/marcxml/schema/MARC21slim.xsd">
   <leader>00925njm 22002777a 4500</leader>
   <datafield ind2=" " ind1=" " tag="042">
      <subfield code="a">dc</subfield>
   </datafield>
   <datafield ind2=" " ind1=" " tag="720">
      <subfield code="a">Instituto de Salud Carlos III. Gabinete de prensa</subfield>
      <subfield code="e">author</subfield>
   </datafield>
   <datafield ind2=" " ind1=" " tag="260">
      <subfield code="c">2023-03-06</subfield>
   </datafield>
   <datafield ind2=" " ind1=" " tag="520">
      <subfield code="a">Una investigación liderada por un equipo del Instituto de Salud Carlos III (ISCIII) concluye que el ruido se relaciona con un mayor riesgo de sufrir ingresos hospitalarios urgentes ligados a trastornos mentales. Los resultados del trabajo acaban de publicarse en la revista Environmental Research. 
Diversos factores ambientales, como la contaminación atmosférica, el ruido en entornos urbanizados y diferentes variables de tipo meteorológico, pueden tener efectos importantes sobre la salud humana. Un equipo liderado por científicos de la Escuela Nacional de Sanidad (ENS) del ISCIII ha analizado el posible impacto de estos factores ambientales sobre los ingresos hospitalarios urgentes por trastornos mentales en la Comunidad de Madrid entre los años 2013 y 2018.</subfield>
   </datafield>
   <datafield ind1="8" ind2=" " tag="024">
      <subfield code="a">http://hdl.handle.net/20.500.12105/15575</subfield>
   </datafield>
   <datafield ind2="0" ind1="0" tag="245">
      <subfield code="a">El ruido urbano puede ser un factor de riesgo para los ingresos urgentes por trastornos mentales</subfield>
   </datafield>
</record></metadata></record></GetRecord></OAI-PMH>